00270nam a22001097a 4500020002100000082001900021100003100040245002700071250000600098260004800104300000800152 a978-9381-226-193 a630.715 DIL/AG aDILEEP KUMAR, KHAJAN SINGH aAGRICULTURAL EXTENSION a1 aDELHIbSATISH SERIAL PUBLISHING HOUSEc2012 a650